000 00624nam a2200181Ia 4500
003 GCL
008 140319s9999 xx 000 0 ara d
040 _aGCL /
_cGCL
082 0 4 _a440
_bو ت
100 1 _aوليد محمد
245 1 0 _aتعلم الفرنسية فى خمسة أيام /
_cوليد محمد
260 _aالقاهرة :
_bالمكتبة الاكاديمية ،
_c0
300 _a133 ص ؛
_c24 سم
490 _aسلسلة تعليم اللغات بدون معلم
_v0
650 0 4 _aاللغة الفرنسية
650 0 4 _aاللغة الفرنسية - تعليم وتدريس
942 _2ddc
_cBK
999 _c44524
_d44524